Marques de montres - Statistiques

Statistiques générales
  • Ce quiz a été pris 898 fois
  • Le résultat moyen est 13 sur 16
Statistiques - réponses
Par images Réponse % Correct
Rolex
99%
Omega
98%
Cartier
92%
Hublot
90%
Tissot
90%
Patek Philippe
88%
Seiko
86%
Swatch
85%
Tudor
83%
Richard Mille
81%
Citizen
78%
Audemars Piguet
76%
Tag Heuer
69%
Jaeger Lecoultre
62%
Breitling
60%
Jacob
58%
Aucun quiz correspondant
Distribution des résultats
% des personnes avec chaque résultat
Percentile par nombre de réponses
Votre historique - résultats
Vous n’avez pas pris ce quiz